Quản lý hoạt động nghiên cứu khoa học của sinh viên ngành ngoài sư phạm ở Trường Đại học Đồng Tháp Luận văn thạc sĩ giáo dục học. Chuyên ngành: Quản lý giáo dục. Mã số: 60140114

Zapisane w:
Opis bibliograficzny
1. autor: Lương, Thị Huỳnh Như
Kolejni autorzy: Phạm, Hữu Ngãi (Hướng dẫn)
Format: Praca dyplomowa Różne nośniki Książka
Język:Vietnamese
Wydane: Đồng Tháp Đại học Đồng Tháp 2017
Hasła przedmiotowe:
Etykiety: Dodaj etykietę
Nie ma etykietki, Dołącz pierwszą etykiete!
Thư viện lưu trữ: Trung tâm Học liệu Lê Vũ Hùng, Trường Đại học Đồng Tháp
LEADER 01340ppm a22003018a 4500
001 00039877
005 20171026081025.0
008 170627s2017 ||||||viesd
041 0 # |a vie 
082 1 4 |b QU105L  |a 378.1 
100 1 # |a Lương, Thị Huỳnh Như 
245 0 0 |a Quản lý hoạt động nghiên cứu khoa học của sinh viên ngành ngoài sư phạm ở Trường Đại học Đồng Tháp  |b Luận văn thạc sĩ giáo dục học. Chuyên ngành: Quản lý giáo dục. Mã số: 60140114  |c Lương Thị Huỳnh Như ; Phạm Hữu Ngãi (hướng dẫn) 
260 # # |a Đồng Tháp  |b Đại học Đồng Tháp  |c 2017 
300 # # |a 126 tr.+phụ lục  |c 30cm.  |e 1 bản tóm tắt 
500 # # |a ĐTTS ghi: Bộ giáo dục và đào tạo. Trường Đại học Đồng tháp 
653 # # |a Luận văn 
653 # # |a Nghiên cứu khoa học 
653 # # |a Đại học Đồng Tháp 
653 # # |a Sinh viên 
653 # # |a Quản lí giáo dục 
700 1 # |a Phạm, Hữu Ngãi  |e Hướng dẫn 
852 # # |j LV.0001184  |j LV.0001276 
852 # # |b Kho đọc SĐH  |j LV.0001184 
910 0 # |d 27/06/2017 
980 # # |a Trung tâm Học liệu Lê Vũ Hùng, Trường Đại học Đồng Tháp